01021nam a22002531 450000100060000000300080000600500170001400800410003103500190007203500190009104000380011004100080014805100230015608200180017910000530019724501250025026000630037530000850043850000790052350400530060265100330065565100280068870000510071628205BD-RjUL20211209051242.0140329r19481939nyuabf b 001 0 eng d a(BD-RjUL)28286 a(OCoLC)1398248 aDLCcFMdOCoLCdDLCdBD-RjULbeng aeng00aE169.1b.B297 193900a973bBEM 19481 aBeard, Charles A.q(Charles Austin),d1874-1948.14aThe making of American civilization /cby Charles A. Beard and Mary R. Beard; color illustrations by Stanley M. Arthurs. aNew York :bThe Macmillan Company,c1939 [reprinted 1948]. axii, 934, xliii p.bcol. front., illus., col. plates, maps (part double)c22 cm. a"Published April, 1937 ... reissue with additional material, March, 1939." aBibliographies at end of each chapter and index. 0aUnited StatesxCivilization. 0aUnited StatesxHistory.1 aBeard, Mary Ritter,d1876-1958,ejoint author.